| 000 | 01022nas a2200325 4500 | ||
|---|---|---|---|
| 001 | BR2022000547 | ||
| 003 | BR-BrBNA | ||
| 005 | 20231205132254.0 | ||
| 007 | ta | ||
| 008 | 230509b bl.|||p| |||| 00| 00por d | ||
| 040 |
_aBR-BrBNA _bpor _cBiblioteca Nacional de Agricultura |
||
| 041 | _a(Pt) | ||
| 072 | _aQ04; Q01 | ||
| 100 | 1 | _aSilva, L.R. da | |
| 100 | 1 | _aFigueiredo, A.R. de | |
| 100 | 1 | _aMarques, J.M. | |
| 100 | 1 | _aMorgado, C.M.A. | |
| 100 | 1 | _aOliveira, M.M.T. de | |
| 100 | 1 | _aFarias, T.R.B. | |
| 100 | 1 | _aFreitas, R. de A. | |
| 245 | 1 | _aPotencial de utilização dos óleos fixos de tucumãs | |
| 650 | _aTUCUM | ||
| 650 | _aARECACEAE | ||
| 650 | _aQUALIDADE | ||
| 650 | _aCROMATOGRAFIA GASOSA | ||
| 773 | 0 |
_tNativa. Pesquisas Agrárias e Ambientais (Brazil) _xISSN 2318-7670 _g(2022), v. 10(1) p. 109-116 _wBR2022000547 |
|
| 856 | 4 | 0 | _uhttps://periodicoscientificos.ufmt.br/ojs/index.php/nativa/article/view/13368/10593 |
| 909 |
_a202311 _bLúcia _c55 _dLúcia Elande |
||
| 942 |
_2AGRIS _n0 _cANA |
||
| 999 |
_c259415 _d259415 |
||